书目信息 |
| 题名: |
吸烟与健康
|
|
| 作者: | 刘惠荣 著 | |
| 分册: | ||
| 出版信息: | 北京 科学出版社 1980 |
|
| 页数: | 46页 | |
| 开本: | 19cm | |
| 丛书名: | ||
| 单 册: | ||
| 中图分类: | R163 | |
| 科图分类: | ||
| 主题词: | 戒烟-个人卫生 , 个人卫生-戒烟 | |
| 电子资源: | ||
| ISBN: | ||
| 000 | 00602nam0 2200241 45 | |
| 001 | 0180009287 | |
| 005 | 20061121143403.28 | |
| 010 | @dCNY0.16 | |
| 091 | @aCN@b14031.21 | |
| 100 | @a19950623d1980 em y0chiy0121 ea | |
| 101 | 0 | @achi |
| 102 | @aCN@b110000 | |
| 105 | @ay z 000yy | |
| 200 | 10 | @a吸烟与健康@Axi yan yu jian kang@f刘惠荣著 |
| 210 | @a北京@c科学出版社@d1980 | |
| 215 | @a46页@d19cm | |
| 606 | @a戒烟-个人卫生 | |
| 606 | @a个人卫生-戒烟 | |
| 690 | @aR163@v3 | |
| 701 | 0 | @a刘惠荣@Aliu hui rong@4著 |
| 801 | 2 | @aCN@bNLC@c20061121 |
| 801 | 0 | @aCN@bTSSF |
| 905 | @a10447@dR163@e32 | |
| 吸烟与健康/刘惠荣著.-北京:科学出版社,1980 |
| 46页;19cm |
| ISBN :CNY0.16 |
| ● |
| 相关链接 |
|
|
|
|
正题名:吸烟与健康
索取号:R163/32
 
预约/预借
| 序号 | 登录号 | 条形码 | 馆藏地/架位号 | 状态 | 备注 |
| 1 | 0157089 | 000707603 | 第二样本阅览室/ [索取号:R163/32] | 在馆 |